000 02117nam0a2200361 4500
001 RU\NLR\BIBL_A\012078034
005 20230517084432.0
010 _a978-5-906071-17-0
_92000
021 _aRU
_bКН-П-19-053779
_9КН-П-19-3875
035 _a(NLR Aleph) 012078034
035 _a(RuMoRGB)010046005
090 _a11789542
_c11789542
100 _a20190820d2019 u y0rusy50 ca
101 0 _arus
102 _aRU
105 _aabc|z|||000zy
200 1 _aЗолотое кольцо Ярославии
_eПереславль-Залесский, Борисоглебский, Ростов, Великое, Ярославль, Вятское, Тутаев, Рыбинск, Мышкин, Углич
_f[авторы текста: Мария Александрова, Андрей Данилов, Ян Левин и др.
_gпод общ. ред. В. В. Горошникова]
205 _a[Испр. и доп. переизд.]
210 _aРыбинск
_cМедиарост
_d2019
215 _a365, [2] с.
_cил., цв. ил., портр., карт.
_d25
300 _aАвт. указаны в вып. дан.
606 1 _aКультурное наследие
_yЯрославская область
_92422347
_3RU\NLR\AUTH\6601661039
686 1 _aТ3(2Р-4Яр)0-7
701 1 _7ca
_8rus
_aАлександрова
_bМ. В.
_cканд. ист. наук, краеведение
_gМария Вячеславовна
_973753
_3RU\NLR\AUTH\7790826
701 1 _7ca
_8rus
_aДанилов
_bА. Ю.
_cканд. ист. наук
_gАндрей Юрьевич
_954575
_3RU\NLR\AUTH\7771647
701 1 _4070
_7ca
_8rus
_aЛевин
_bЯ. А.
_cкраевед, литератор
_f1981-2021
_gЯн Александрович
_9149601
_3RU\NLR\AUTH\770149637
702 1 _aГорошников
_bВ. В.
_gВиталий Владимирович
_4340
942 _cBOOK
980 _aNBR
980 _aNB